00645 2200241 4500001002100000005001700021008004100038035002400079082000800103090001500111100001900126245007700145260003600222300002900258500002700287650001000314700001400324700001400338850001500352985000600367999001500373999001500388YOGYA-0209000002983820090227024400.0 ind  0010-020900000029838 a621 a621bSuc O aSUCAHYO, Bagyo aOtomotif mesin tenagabMesin tenagacBagyo Sucahyo, Darmanto, Soemarsono aSurakartabTiga serangkaic1994 aiv, 155 hlmbilusc30 cm aBibliografi : hlm. 155 aMesin aDARMANTO, aSUMARSONO aYOPDYOG(B) a2 a98P0110003 a98P0110004